Cargando...

Yajna/

Detalles Bibliográficos
Autor principal: Bhalchandra Dattatraya Kher
Formato: Printed Book
Publicado: New Delhi: Prabhat Prakashan, 1997.
LEADER 00382nam a22001097a 4500
100 |a Bhalchandra Dattatraya Kher 
245 |a Yajna/  |c Bhalchandra Dattatraya Kher and Shailaja Raje 
260 |a New Delhi:  |b Prabhat Prakashan,  |c 1997. 
300 |a 384p. 
942 |2 ddc  |c BK 
999 |c 246027  |d 246027 
952 |0 0  |1 0  |4 0  |7 0  |9 273056  |a HIN  |b HIN  |c S-26  |d 2012-09-10  |i 16193  |l 0  |p HIN16193  |r 2014-02-07  |w 2014-02-07  |y BK